000
00270nam a2200097Ia 4500
001
639925
005
20250826153437.0
008
250824s9999 xx 000 0 und d
245
0
_a
KİBARLIK BUDALASI SEVDA DOKTORU ANTİK
_c
MOLİERE
260
_b
ANTİK DÜNYA KLASİKLERİ
999
_c
639925
_d
639925